Alle deutschen Städte mit D - Statistiken

Allgemein
  • Dieses Quiz wurde 2.020 mal gespielt
  • Das Durchschnittsergebnis liegt bei 28 aus 68
Antwortstatistiken
Einwohner Stadt BL % Korrekt
620.523 Düsseldorf NW
99%
587.696 Dortmund NW
98%
556.227 Dresden SN
96%
495.885 Duisburg NW
96%
159.174 Darmstadt HE
92%
91.272 Düren NW
79%
47.680 Dachau BY
78%
79.354 Dessau-Roßlau ST
76%
77.503 Delmenhorst NI
75%
67.338 Dinslaken NW
73%
74.097 Detmold NW
72%
74.515 Dorsten NW
70%
64.500 Dormagen NW
67%
33.750 Deggendorf BY
66%
34.714 Datteln NW
61%
46.706 Dülmen NW
61%
41.996 Dreieich HE
58%
23.261 Dillenburg HE
52%
4.572 Dahn RP
50%
8.001 Daun RP
49%
17.152 Diepholz NI
49%
22.205 Donaueschingen BW
49%
34.429 Dietzenbach HE
48%
23.467 Döbeln SN
48%
19.593 Donauwörth BY
48%
20.281 Duderstadt NI
48%
24.755 Delitzsch SN
45%
15.537 Dieburg HE
45%
19.314 Dillingen an der Donau BY
45%
20.003 Dingolfing BY
45%
11.882 Dinkelsbühl BY
45%
32.039 Delbrück NW
42%
19.801 Dillingen/Saar SL
41%
10.523 Demmin MV
39%
17.250 Damme NI
38%
8.117 Dannenberg (Elbe) NI
37%
14.180 Dippoldiswalde SN
37%
4.862 Dahme/Mark BB
34%
11.072 Diez RP
34%
13.158 Dinklage NI
33%
15.540 Drensteinfurt NW
33%
11.640 Drolshagen NW
32%
10.242 Dissen am Teutoburger Wald NI
30%
24.719 Ditzingen BW
29%
14.790 Dorfen BY
29%
5.213 Diemelstadt HE
28%
4.331 Dargun MV
26%
9.510 Dassel NI
26%
2.990 Dömitz MV
26%
4.214 Daaden RP
25%
3.738 Deidesheim RP
19%
4.189 Dahlen SN
17%
10.587 Donzdorf BW
17%
8.686 Doberlug-Kirchhain BB
16%
4.424 Dransfeld NI
14%
5.315 Dornburg-Camburg TH
13%
8.095 Dornstetten BW
13%
4.102 Dassow MV
12%
6.834 Dingelstädt TH
12%
2.426 Dommitzsch SN
9%
7.266 Dettelbach BY
8%
6.163 Dohna SN
8%
5.767 Dierdorf RP
7%
3.166 Döbern BB
7%
6.150 Dietfurt an der Altmühl BY
6%
6.105 Dornhan BW
6%
5.508 Drebkau BB
6%
6.798 Dietenheim BW
5%
Keine übereinstimmenden Quizze gefunden
Verteilung der Resultate
Anzahl Personen mit jedem Resultat
Perzentil nach korrekt beantworteten Fragen
Ihre Resultats-Entwicklung
Sie haben dieses Quiz noch nicht gespielt